000 00417nam a2200145Ia 4500
003 OSt
005 20260226104733.0
008 211028s2019 xx 000 0 und d
040 _cAIMIT LIBRARY
041 _aeng
100 _aHegde, Nikhil; Baretto, Royce.
_g1716120
_98098
245 _aStudy on investing in currency trading at Sharekhan Mysore /
260 _aMangalore
_bLestan D'Souza
_c2019
942 _2ddc
_cPRO
999 _c219666
_d219666